Mil soles espléndidos

Guardat en:
Dades bibliogràfiques
Autor principal: Hosseini, Khaled (Autor)
Format: Llibre
Idioma:espanyol
Publicat: Barcelona Salamandra 2009
Edició:7a. ed
Col·lecció:Novela
Matèries:
Etiquetes: Afegir etiqueta
Sense etiquetes, Sigues el primer a etiquetar aquest registre!

MARC

LEADER 00000nam a2200000 a 4500
001 UCH9431
003 CL-VaPUC
008 100107e20090000SP |||||||||||||||||spa|d
020 |a 9788498381351 
082 0 4 |a 813  |b HOS  |2 21 
100 |a Hosseini, Khaled  |e author  |9 546494 
245 1 0 |a Mil soles espléndidos 
250 |a 7a. ed 
300 |a 382 p 
942 |c BK 
945 |d 20100107 00:00:00  |a cmena 
260 |a Barcelona  |b Salamandra  |c 2009 
500 |a Hija ilegítima de un rico hombre de negocios, Mariam se cría con su madre en una modesta vivienda a las afueras de Herat. A los quince años, su vida cambia drásticamente cuando su padre la envía a Kabul a casarse con Rashid, un hosco zapatero treinta años mayor que ella. Casi dos décadas más tarde, Rashid encuentra en las calles de Kabul a Laila, una joven de qince años sin hogar. Cuando el zapatero le ofrece cobijo en su casa, que deberá compartir con Mariam, entre las dos mujeres se inicia una relación que acabará siendo tan profunda como la de dos hermanas, tan fuerte como la de madre e hija 
650 0 |a Novelas estadounidenses  |9 265217 
650 0 |a Costumbres y tradiciones   |9 268292 
650 0 |a Mujeres  |9 257649 
650 0 |a Violencia política   |9 321520 
650 0 |a Violencia intrafamiliar  |9 312986 
651 7 |a AFGANISTAN  |2 CL-VaPUC  |9 316582 
583 |a last modification  |c 20100107 00:00:00  |k Rodrigo Vera 
490 0 |a Novela 
999 |c 339400  |d 339398 
952 |0 0  |1 0  |4 0  |6 813_000000000000000_HOS_2009  |7 0  |8 C  |9 433048  |a BIBCUR  |b BIBCUR  |d 2019-11-22  |i 4561317  |l 1  |o 813 HOS 2009  |p 4561317  |r 2025-04-22  |s 2024-12-06  |w 2019-11-22  |y BK  |k CAC 
952 |0 0  |1 0  |4 0  |6 813_000000000000000_HOS_2009  |7 0  |8 C  |9 433049  |a BIBCUR  |b BIBCUR  |d 2019-11-22  |i 472108K  |o 813 HOS 2009  |p 472108K  |r 2025-04-22  |w 2019-11-22  |y BK  |k CAC